Govt. of
Madhya Pradesh

प्रतियोगिता दर्पण सामान्‍य अध्‍ययन भूगोल (भारत एवं विश्‍व) (Record no. 58501)

MARC details
000 -LEADER
fixed length control field 00566nam a22001577a 4500
003 - CONTROL NUMBER IDENTIFIER
control field macl
005 - DATE AND TIME OF LATEST TRANSACTION
control field 20181030125938.0
008 - FIXED-LENGTH DATA ELEMENTS--GENERAL INFORMATION
fixed length control field 181030b xxu||||| |||| 00| 0 eng d
040 ## - CATALOGING SOURCE
Transcribing agency macl
082 ## - DEWEY DECIMAL CLASSIFICATION NUMBER
Classification number 910
100 ## - MAIN ENTRY--PERSONAL NAME
Personal name महेन्‍द्र जैन
9 (RLIN) 73112
245 ## - TITLE STATEMENT
Title प्रतियोगिता दर्पण सामान्‍य अध्‍ययन भूगोल (भारत एवं विश्‍व)
260 ## - PUBLICATION, DISTRIBUTION, ETC. (IMPRINT)
Place of publication, distribution, etc. प्रतियोगिता दर्पण
650 ## - SUBJECT ADDED ENTRY--TOPICAL TERM
Topical term or geographic name as entry element भू्गोल
9 (RLIN) 36415
942 ## - ADDED ENTRY ELEMENTS (KOHA)
Source of classification or shelving scheme
Koha item type Hindi Books

No items available.